Anuario estadístico de la Provincia de Salta (Registro nro. 8743)

Detalles MARC
000 -LEADER
fixed length control field 00957nas a2200265 454500
001 - CONTROL NUMBER
control field 34214
005 - DATE AND TIME OF LATEST TRANSACTION
control field 20260407193509.0
008 - FIXED-LENGTH DATA ELEMENTS--GENERAL INFORMATION
fixed length control field 260407s1997####ag###########|||spa#d
003 - CONTROL NUMBER IDENTIFIER
control field AR-UNSa-BCEJYS
040 ## - CATALOGING SOURCE
Original cataloging agency AR-UNSa-BCEJYS
Language of cataloging spa
Transcribing agency AR-UNSa-BCEJYS
080 ## - UNIVERSAL DECIMAL CLASSIFICATION NUMBER
Universal Decimal Classification number 311.3
Common auxiliary subdivision Organización general de las estadisticas. Estadística oficial
022 ## - INTERNATIONAL STANDARD SERIAL NUMBER
International Standard Serial Number 1851-0078
041 ## - LANGUAGE CODE
Language code of text/sound track or separate title spa
100 1# - MAIN ENTRY--PERSONAL NAME
Personal name Salta. Dirección General de Estadísticas
245 10 - TITLE STATEMENT
Title Anuario estadístico de la Provincia de Salta
264 #1 - PRODUCTION, PUBLICATION, DISTRIBUTION, MANUFACTURE, AND COPYRIGHT NOTICE
Place of production, publication, distribution, manufacture Salta :
Name of producer, publisher, distributor, manufacturer Dirección General de Estadística
Date of production, publication, distribution, manufacture, or copyright notice 1997
310 ## - CURRENT PUBLICATION FREQUENCY
Current publication frequency Frecuencia: Anual<br/>Anuario 2008 ISBN:978-987-23482-3-6<br/>Anuario 2011 ISBN:978-987-23482-6-7
590 ## - LOCAL NOTE (RLIN)
Local note niveau_biblio:s niveau_hierar:1
650 ## - SUBJECT ADDED ENTRY--TOPICAL TERM
Topical term or geographic name entry element Geografía
650 ## - SUBJECT ADDED ENTRY--TOPICAL TERM
Topical term or geographic name entry element Datos estadísticos
650 ## - SUBJECT ADDED ENTRY--TOPICAL TERM
Topical term or geographic name entry element Población
650 ## - SUBJECT ADDED ENTRY--TOPICAL TERM
Topical term or geographic name entry element Salta
856 41 - ELECTRONIC LOCATION AND ACCESS
Uniform Resource Identifier <a href="https://biblioeco.unsa.edu.ar/pmb/images/revistas/anuario_estadistico.jpg">https://biblioeco.unsa.edu.ar/pmb/images/revistas/anuario_estadistico.jpg</a>
Link text Imagen de portada
Electronic format type image/jpeg
942 ## - ADDED ENTRY ELEMENTS (KOHA)
Koha item type
Existencias
Withdrawn status Lost status Damaged status Not for loan Home library Current library Shelving location Date acquired Serial enumeration / chronology Total checkouts Full call number Barcode Date last seen Price effective from Koha item type
        Biblioteca Prof. Eusebio Cleto del Rey Biblioteca Prof. Eusebio Cleto del Rey   01/01/2014 ene./dic. 2014   H311.3 ANU 2014 R20677 10/04/2026 10/04/2026 Numero
        Biblioteca Prof. Eusebio Cleto del Rey Biblioteca Prof. Eusebio Cleto del Rey   01/01/2013 ene./dic. 2013   H311.3 ANU 2013 R19829 10/04/2026 10/04/2026 Numero
        Biblioteca Prof. Eusebio Cleto del Rey Biblioteca Prof. Eusebio Cleto del Rey   01/01/2012 ene./dic. 2012   H311.3 ANU 2012 R17330 10/04/2026 10/04/2026 Numero
        Biblioteca Prof. Eusebio Cleto del Rey Biblioteca Prof. Eusebio Cleto del Rey   01/01/2011 ene./dic. 2011   H311.3 ANU 2011 R17328 10/04/2026 10/04/2026 Numero
        Biblioteca Prof. Eusebio Cleto del Rey Biblioteca Prof. Eusebio Cleto del Rey   01/01/2009 ene./dic. 2009   H311.3 ANU 2009 R17327 10/04/2026 10/04/2026 Numero
        Biblioteca Prof. Eusebio Cleto del Rey Biblioteca Prof. Eusebio Cleto del Rey   01/01/2008 ene./dic. 2008   H311.3 ANU 2008 R17326 10/04/2026 10/04/2026 Numero
        Biblioteca Prof. Eusebio Cleto del Rey Biblioteca Prof. Eusebio Cleto del Rey   01/01/2007 ene./dic. 2007   H311.3 ANU 2007 R17324 10/04/2026 10/04/2026 Numero
        Biblioteca Prof. Eusebio Cleto del Rey Biblioteca Prof. Eusebio Cleto del Rey   01/01/2007 ene./dic. 2007   H311.3 ANU 2007 Ej.2 R17325 10/04/2026 10/04/2026 Numero
        Biblioteca Prof. Eusebio Cleto del Rey Biblioteca Prof. Eusebio Cleto del Rey   01/01/2006 ene./dic. 2006   H311.3 ANU 2006 R02234 10/04/2026 10/04/2026 Numero
        Biblioteca Prof. Eusebio Cleto del Rey Biblioteca Prof. Eusebio Cleto del Rey   01/01/2005 ene./dic. 2005   H311.3 ANU 2005 R17323 10/04/2026 10/04/2026 Numero
        Biblioteca Prof. Eusebio Cleto del Rey Biblioteca Prof. Eusebio Cleto del Rey   01/12/1997 ene./dic. 1997   H311.3 ANU 1997 R17322 10/04/2026 10/04/2026 Numero